Faculty of Law Library — Cairo University

Official Online Catalog

Federal criminal code and rules. (Record no. 54319)

MARC details
000 -LEADER
fixed length control field 01639cac a2200421 i 4500
003 - CONTROL NUMBER IDENTIFIER
control field EG-GICUC
005 - DATE AND TIME OF LATEST TRANSACTION
control field 20260121101643.0
008 - FIXED-LENGTH DATA ELEMENTS--GENERAL INFORMATION
fixed length control field 850228c1994 mauar fr l 0 a0eng d
040 ## - CATALOGING SOURCE
Original cataloging agency EG-GICUC
Language of cataloging eng
Transcribing agency EG-GICUC
Modifying agency EG-GICUC
043 ## - GEOGRAPHIC AREA CODE
Geographic area code n-us---
082 00 - DEWEY DECIMAL CLASSIFICATION NUMBER
Classification number 343.02.073
Edition number 21
092 04 - LOCALLY ASSIGNED DEWEY CALL NUMBER (OCLC)
Edition number 21
099 ## - LOCAL FREE-TEXT CALL NUMBER (OCLC)
Classification number Law 10 1994
245 00 - TITLE STATEMENT
Title Federal criminal code and rules.
250 ## - EDITION STATEMENT
Edition statement 1994 edition.
264 ## - PRODUCTION, PUBLICATION, DISTRIBUTION, MANUFACTURE, AND COPYRIGHT NOTICE
Place of production, publication, distribution, manufacture St. Paul, Minn :
Name of producer, publisher, distributor, manufacturer West Publishing Company,
Date of production, publication, distribution, manufacture, or copyright notice 1994.
300 ## - PHYSICAL DESCRIPTION
Extent xlix, 1289 pages ;
Dimensions 25 cm
336 ## - CONTENT TYPE
Content type term text
Content type code txt
Source rdacontent
337 ## - MEDIA TYPE
Media type term unmediated
Media type code n
Source rdamedia
338 ## - CARRIER TYPE
Carrier type term volume
Carrier type code nc
Source rdacarrier
500 ## - GENERAL NOTE
General note Includes index.
588 ## - SOURCE OF DESCRIPTION NOTE
Source of description note Latest issue consulted: 1994 ed. (surrogate).
590 ## - LOCAL NOTE (RLIN)
Local note
650 #0 - SUBJECT ADDED ENTRY--TOPICAL TERM
Topical term or geographic name entry element Criminal procedure
Geographic subdivision United States.
650 #0 - SUBJECT ADDED ENTRY--TOPICAL TERM
Topical term or geographic name entry element Court rules
Geographic subdivision United States.
650 #0 - SUBJECT ADDED ENTRY--TOPICAL TERM
Topical term or geographic name entry element Criminal law
Geographic subdivision United States.
650 #0 - SUBJECT ADDED ENTRY--TOPICAL TERM
Topical term or geographic name entry element Evidence (Law)
Geographic subdivision United States.
650 #0 - SUBJECT ADDED ENTRY--TOPICAL TERM
Topical term or geographic name entry element Appellate procedure
Geographic subdivision United States.
710 1# - ADDED ENTRY--CORPORATE NAME
Corporate name or jurisdiction name as entry element United States.
Subordinate unit Supreme Court.
710 2# - ADDED ENTRY--CORPORATE NAME
Corporate name or jurisdiction name as entry element West Publishing Company.
Real World Object URI https://id.oclc.org/worldcat/entity/E39QQPVp836qBcQ7QXkGtvhb9t
710 1# - ADDED ENTRY--CORPORATE NAME
Corporate name or jurisdiction name as entry element United States.
Title of a work Laws, etc. (U.S. Code)
776 08 - ADDITIONAL PHYSICAL FORM ENTRY
Relationship information Online version:
Title Federal criminal code and rules
Record control number (OCoLC)721104772
780 00 - PRECEDING ENTRY
Main entry heading United States.
Title Federal rules, criminal procedure, evidence, appellate procedure, title 18 U.S. code, crimes and criminal procedure, with consolidated index
International Standard Serial Number 0163-8254
Record control number (DLC) 78643753
-- (OCoLC)1891693
856 40 - ELECTRONIC LOCATION AND ACCESS
Uniform Resource Identifier <a href="https://fll.law.cu.edu.eg/fulltext/bks/ENGB10-00147.pdf">https://fll.law.cu.edu.eg/fulltext/bks/ENGB10-00147.pdf</a>
905 ## - Cataloger and Reviser Names
Cataloger Name: Hend El khosy
942 ## - ADDED ENTRY ELEMENTS (KOHA)
Source of classification or shelving scheme Dewey Decimal Classification
Koha item type Books
Edition 21
Suppress in OPAC No
Holdings
Withdrawn status Lost status Source of classification or shelving scheme Damaged status Not for loan Collection Home library Current library Date acquired Total checkouts Full call number Barcode Date last seen Copy number Price effective from Koha item type Public note
    Dewey Decimal Classification     القانون الجنائي جــــامعة القــاهرة مكتبة كلية الحقوق - فـرع الشيخ زايد 04.01.2026   Law2 10 343.02073 FE 1994 1000147 C1 ENGB10-00147 04.01.2026 1 04.01.2026 Books 1863

© All rights reserved — Faculty of Law, Cairo University